| 000 | 01308nam a22002297a 4500 | ||
|---|---|---|---|
| 003 | KOHA_MİRAKIL | ||
| 005 | 20260414090557.0 | ||
| 008 | 260414b tu ||||| |||| 00| 0 tur d | ||
| 040 |
_aTR-AnABB _btur _cTR-AnABB |
||
| 041 | _aeng | ||
| 082 |
_a338.95 _bREG |
||
| 245 | 0 | 0 |
_aRegional development problems and policy responses in Five Asian and Pasific Countries / _cEd. B. Prantilla |
| 260 |
_aNagoya : _bUnited Nations Centre for Regional Development, _c1990? |
||
| 300 |
_a340 sayfa ; _c24 cm |
||
| 504 | _aKaynakça 331-339 sayfaları arasındadır. | ||
| 505 | _aİçindekiler: Regional development problems and policy responses in Five Asian and Pacific Countries - Regional development policiy response in Rapidly Growing Economy: The Case of the Republic of Korea - Regional development policy response on Intercommunal and Interregional Inequality: The Case of Malaysia - Impact of National and Regional Development Policies at The Sub- National Level: The Case of the Philippines - Regional development problems and policy response: The Case of Thailand - Regional planning and policy in Fiji | ||
| 650 | 0 | 4 | _aBölgesel kalkınma |
| 650 | 0 | 4 | _aEkonomik politika |
| 650 | 0 | 4 | _aBölgesel kalkınma, Asya |
| 700 | 1 |
_aPrantilla, Ed. B., _eeditör _93414 |
|
| 942 |
_2ddc _cBK |
||
| 999 |
_c10229 _d10229 |
||
| 900 | _bCan ÇELIK | ||